Welcome to CU Library Online Public Access Catalogue (OPAC)

Business statistics in practice / (Record no. 8267)

MARC details
000 -LEADER
fixed length control field 00935cam a22002654a 4500
001 - CONTROL NUMBER
control field 12118937
005 - DATE AND TIME OF LATEST TRANSACTION
control field 20251117135752.0
008 - FIXED-LENGTH DATA ELEMENTS--GENERAL INFORMATION
fixed length control field 000726s2001 maua b 001 0 eng
020 ## - INTERNATIONAL STANDARD BOOK NUMBER
International Standard Book Number 0072320583
020 ## - INTERNATIONAL STANDARD BOOK NUMBER
International Standard Book Number 9780072320589
050 00 - LIBRARY OF CONGRESS CALL NUMBER
Classification number HF1017
Item number .B654 2001
082 00 - DEWEY DECIMAL CLASSIFICATION NUMBER
Classification number 519.5/024/65
Edition information 21
100 1# - MAIN ENTRY--PERSONAL NAME
Personal name Bowerman, Bruce L.
245 10 - TITLE STATEMENT
Title Business statistics in practice /
Statement of responsibility, etc. Bruce L. Bowerman, Richard T. O'Connell, Michael L. Hand.
250 ## - EDITION STATEMENT
Edition statement 2nd ed.
260 ## - PUBLICATION, DISTRIBUTION, ETC.
Place of publication, distribution, etc. Boston :
Name of publisher, distributor, etc. McGraw-Hill/Irwin,
Date of publication, distribution, etc. c2001.
300 ## - PHYSICAL DESCRIPTION
Extent xxiii, 856 p. :
Other physical details col. ill. ;
Dimensions 28 cm.
500 ## - GENERAL NOTE
General note Rev. ed. of: Applied statistics : improving business processes / Bruce L. Bowerman, Richard T. O'Connell. c1997.
650 #0 - SUBJECT ADDED ENTRY--TOPICAL TERM
Topical term or geographic name entry element Commercial statistics.
650 #0 - SUBJECT ADDED ENTRY--TOPICAL TERM
Topical term or geographic name entry element Statistics.
700 1# - ADDED ENTRY--PERSONAL NAME
Personal name O'Connell, Richard T.
700 1# - ADDED ENTRY--PERSONAL NAME
Personal name Hand, Michael L.
Fuller form of name (Michael Lawrence),
Dates associated with a name 1953-
700 1# - ADDED ENTRY--PERSONAL NAME
Personal name Bowerman, Bruce L.
Title of a work Applied statistics.
942 ## - ADDED ENTRY ELEMENTS (KOHA)
Source of classification or shelving scheme Library of Congress Classification
Koha item type Books
Suppress in OPAC No
999 ## -
-- 8267
-- 8267
Holdings
Withdrawn status Lost status Source of classification or shelving scheme Damaged status Not for loan Home library Current library Shelving location Date acquired Inventory number Total checkouts Full call number Barcode Date last seen Copy number Price effective from Koha item type Public note
    Library of Congress Classification     Undergraduate Library (Christ Temple) Undergraduate Library (Christ Temple) General stacks 11/17/2025 1   HF 1017 BOW GSCT0000001787 11/17/2025 1 11/17/2025 Books EAQ
    Library of Congress Classification     Undergraduate Library (Christ Temple) Undergraduate Library (Christ Temple) General stacks 11/17/2025 1   HF 1017 BOW GSCT0000001788 11/17/2025 2 11/17/2025 Books EAQ
    Library of Congress Classification     Undergraduate Library (Christ Temple) Undergraduate Library (Christ Temple) General stacks 11/17/2025 1   HF 1017 BOW GSCT0000001789 11/17/2025 3 11/17/2025 Books EAQ
    Library of Congress Classification     Undergraduate Library (Christ Temple) Undergraduate Library (Christ Temple) General stacks 11/17/2025 1   HF 1017 BOW GSCT0000001790 11/17/2025 4 11/17/2025 Books EAQ
    Library of Congress Classification     Undergraduate Library (Christ Temple) Undergraduate Library (Christ Temple) General stacks 11/17/2025 1   HF 1017 BOW GSCT0000001791 11/17/2025 5 11/17/2025 Books EAQ
    Library of Congress Classification     Undergraduate Library (Christ Temple) Undergraduate Library (Christ Temple) General stacks 11/17/2025 1   HF 1017 BOW GSCT0000001792 11/17/2025 6 11/17/2025 Books EAQ
    Library of Congress Classification     Undergraduate Library (Christ Temple) Undergraduate Library (Christ Temple) General stacks 11/17/2025 1   HF 1017 BOW GSCT0000001793 11/17/2025 7 11/17/2025 Books EAQ
    Library of Congress Classification     Undergraduate Library (Christ Temple) Undergraduate Library (Christ Temple) General stacks 11/17/2025 1   HF 1017 BOW GSCT0000001794 11/17/2025 8 11/17/2025 Books EAQ
    Library of Congress Classification     Undergraduate Library (Christ Temple) Undergraduate Library (Christ Temple) General stacks 11/17/2025 1   HF 1017 BOW GSCT0000001795 11/17/2025 9 11/17/2025 Books EAQ
    Library of Congress Classification     Undergraduate Library (Christ Temple) Undergraduate Library (Christ Temple) General stacks 11/17/2025 1   HF 1017 BOW GSCT0000001796 11/17/2025 10 11/17/2025 Books EAQ
© 2023-2024 Copyright: Central University Libraries. All Rights Reserved | Created by: Mahone Tech Office